Name Brawl Stars Skins - Crow - Statistics

General Stats
  • This quiz has been taken 8 times
  • The average score is 8 of 10
Answer Stats
Picture Answer % Correct
Crow
100%
Mecha Crow
100%
True Gold Crow
100%
True Silver Crow
100%
Captain Crow
88%
White Crow
75%
Crowbone
63%
Maverick Crow
63%
Moon Guardian Crow
63%
Pheonix Crow
38%
No matching quizzes found
Score Distribution
Percent of People with Each Score
Percentile by Number Answered
Your Score History
You have not taken this quiz